Historia de Oaxaca (Record no. 10445)

MARC details
000 -CABECERA
campo de control de longitud fija 00897nam a2200253 a 4500
001 - NÚMERO DE CONTROL
campo de control BRL_1636
005 - FECHA Y HORA DE LA ÚLTIMA TRANSACCIÓN
campo de control 20190320211312.0
008 - DATOS DE LONGITUD FIJA--INFORMACIÓN GENERAL
campo de control de longitud fija 150414s1978----mx-a######---#000-0#spa-#
041 ## - CÓDIGO DE LENGUA
Código de lengua del texto/banda sonora o título independiente spa
044 ## - CÓDIGO DEL PAÍS DE LA ENTIDAD EDITORA/PRODUCTORA
Código MARC del país mx
050 #4 - SIGNATURA TOPOGRÁFICA DE LA BIBLIOTECA DEL CONGRESO
Número de clasificación F1321
Número de documento/Ítem .G39 1978
100 1# - ENTRADA PRINCIPAL--NOMBRE DE PERSONA
Nombre de persona Gay, José Antonio
9 (RLIN) 13004
245 10 - MENCIÓN DE TÍTULO
Título Historia de Oaxaca
Mención de responsabilidad, etc. José Antonio Gay.
260 ## - PUBLICACIÓN, DISTRIBUCIÓN, ETC.
Lugar de publicación, distribución, etc. Oaxaca, Oax.
Nombre del editor, distribuidor, etc. Gobierno Constitucional del Estado de Oaxaca, Dirección General de Educación y Relaciones Culturales
Fecha de publicación, distribución, etc. 1978
300 ## - DESCRIPCIÓN FÍSICA
Extensión 2 v.
Otras características físicas il.
Dimensiones 23 cm.
500 ## - NOTA GENERAL
Nota general v.1 Au1872, v.2 Au1873
500 ## - NOTA GENERAL
Nota general Estado físico: Se estan desprendiendo las hojas de los dos volumenes
500 ## - NOTA GENERAL
Nota general Ver también número de sistema 5100 perteneciente al Fondo General Franz Mayer
650 14 - PUNTO DE ACCESO ADICIONAL DE MATERIA--TÉRMINO DE MATERIA
Término de materia o nombre geográfico como elemento de entrada Eventos históricos en Oaxaca
9 (RLIN) 27507
651 #4 - PUNTO DE ACCESO ADICIONAL DE MATERIA--NOMBRE GEOGRÁFICO
Nombre geográfico Oaxaca
Subdivisión general Historia
9 (RLIN) 13005
651 #4 - PUNTO DE ACCESO ADICIONAL DE MATERIA--NOMBRE GEOGRÁFICO
Nombre geográfico México
Subdivisión general Historia
9 (RLIN) 614
902 ## - CATALOGADOR
Iniciales GRL
942 ## - ELEMENTOS DE PUNTO DE ACCESO ADICIONAL (KOHA)
Fuente del sistema de clasificación o colocación Library of Congress Classification
Tipo de ítem Koha Libros
Holdings
Estado de retiro Estado de pérdida Estado dañado No para préstamo Localización permanente Ubicación/localización actual Fecha de adquisición Total de préstamos Signatura topográfica completa Código de barras Fecha visto por última vez Precio válido a partir de Tipo de ítem Koha
El ejemplar forma parte de la colección y puede ser consultado según las políticas vigentes.       Biblioteca Centro de Estudios Ruth D. Lechuga Biblioteca Centro de Estudios Ruth D. Lechuga 15/04/2014   F1321 .G39 1978 GRL01802 22/03/2019 22/03/2019 Libros
El ejemplar forma parte de la colección y puede ser consultado según las políticas vigentes.       Biblioteca Centro de Estudios Ruth D. Lechuga Biblioteca Centro de Estudios Ruth D. Lechuga 06/01/2016   F1321 .G39 1978 GRL01803 22/03/2019 22/03/2019 Libros